000 00679cab a2200241 4500
001 WB3511-50
008 090401t1999 xxu||||| |||| 00| 0 eng d
035 _a(Sirsi) u92206
041 _aeng
245 _aLondon`s rising water table
260 _c1999
350 _a0
490 _aDETR News Release
_v(243) 17 March 1999 (2)
520 _aGovernment supports Thames Water's strategy to tackle London's rising groundwater levels. The plan involves extracting water using boreholes.
650 _aBOREHOLES
650 _aFLOODING
650 _aGROUNDWATER
650 _aLONDON
650 _aTHAMES WATER
690 _aWATER
942 _n0
948 _c18/03/1999
999 _c58461
_d58461